Countries from Swedish to English - Statistics

General Stats
  • This quiz has been taken 472 times
  • The average score is 18 of 20
Answer Stats
Country in Swedish And in English % Correct
Ryssland Russia
99%
Polen Poland
98%
Nederländerna Netherlands
97%
Norge Norway
97%
Spanien Spain
97%
Cypern Cyprus
96%
Litauen Lithuania
96%
Frankrike France
95%
Grekland Greece
95%
Sverige Sweden
95%
Schweiz Switzerland
95%
Österrike Austria
93%
Estland Estonia
90%
Sydafrika South Africa
89%
Kina China
87%
Förenta Staterna United States
87%
Förenade kungariket United Kingdom
86%
Lettland Latvia
82%
Tyskland Germany
80%
Ungern Hungary
76%
No matching quizzes found
Score Distribution
Percent of People with Each Score
Percentile by Number Answered
Your Score History
You have not taken this quiz